000 00946nam a22002417a 4500
008 240619b mp ||||| |||| 00| 0 mon d
020 _a978-99973-1-742-1
035 _a24271
040 _aUV1862160
_bmon
_cMN-UlNLM
_dMN-UlNLM
_erda
041 _amon
042 _a54240
082 _210-t
_aФ840
_bА.94
100 _aАшард М.
245 0 _aЦөөхүүл ч гэсэн бидний индианчууд
264 _aУБ
_bМон судар ХГ
_c2019
300 _a148х.
336 _2rdacontent
_atext
_btxt
337 _2rdamedia
_aunmediated
_bn
338 _2rdacarrier
_avolume
_bnc
650 _aЦиркийн жүжигчин Марион Ашард нь оорийн Тур де Цирк (Tour de Cirque) байгууллагынхныхаа хамтаар Францад төдийгүй хилийн чанадын ...
942 _210-t
_cBK
999 _c925301
_d925358